[Event "Dresden ZMD op"]
[Site "Dresden"]
[Date "2008.07.20"]
[Round "2"]
[White "Olyschlaeger, Richard"]
[Black "Bruehl, Andreas"]
[Result "0-1"]
[WhiteElo "1936"]
[BlackElo "2378"]
[PlyCount "92"]
[EventDate "2008.07.19"]
[EventType "swiss"]
[EventRounds "9"]
[EventCountry "GER"]
[SourceTitle "CBM 125 Extra"]
[Source "ChessBase"]
[SourceDate "2008.09.01"]
[SourceVersion "1"]
[SourceVersionDate "2008.09.01"]
[SourceQuality "1"]

1. d4 d5 2. Bf4 Nf6 3. e3 Bf5 4. c4 c6 5. Qb3 Qb6 6. Nc3 Nbd7 7. Nf3 e6 8. c5 Qxb3 9. axb3 a6 10. h3 Be7 11. Be2 0-0 12. 0-0 Rfe8 13. b4 Bf8 14. Na2 Be4 15. Nc1 Bxf3 16. Bxf3 e5 17. Bh2 exd4 18. exd4 Ne4 19. Nb3 g6 20. Na5 Ra7 21. Rfe1 Bg7 22. Rad1 f5 23. Be2 Ng5 24. Nb3 Ne6 25. Bf1 Kf7 26. Kh1 Ng5 27. Rxe8 Kxe8 28. f3 Ne6 29. Bg1 Ndf8 30. g3 Kd7 31. f4 Ra8 32. Kg2 Re8 33. Kf3 h5 34. Bd3 Nh7 35. h4 Nf6 36. Bf1 Ne4 37. Ra1 Nf6 38. Rd1 Re7 39. Rd2 Ne8 40. Be3 N8c7 41. Bg1 Nf8 42. Re2 Re4 43. Nd2 Nb5 44. Nxe4 fxe4+ 45. Kg2 Ne6 46. Re1 Nbxd4 0-1

[Event "Dortmund op-A"]
[Site "Dortmund"]
[Date "2007.07.01"]
[Round "9"]
[White "Bartel, Mario"]
[Black "Olyschlaeger, Richard"]
[Result "1-0"]
[WhiteElo "2158"]
[BlackElo "1903"]
[PlyCount "63"]
[EventDate "2007.06.22"]
[EventType "swiss"]
[EventRounds "9"]
[EventCountry "GER"]
[SourceTitle "EXT 2008"]
[Source "ChessBase"]
[SourceDate "2007.11.25"]
[SourceVersion "1"]
[SourceVersionDate "2007.11.25"]
[SourceQuality "1"]

1. e4 c5 2. Nf3 d6 3. d4 cxd4 4. Nxd4 Nf6 5. Nc3 g6 6. Be2 Bg7 7. 0-0 Nc6 8. Be3 0-0 9. f3 Nxd4 10. Bxd4 Be6 11. Qd2 Re8 12. Rfd1 Qc8 13. Rac1 Bc4 14. b3 Bxe2 15. Nxe2 Nd7 16. c4 a5 17. Bxg7 Kxg7 18. Nc3 Qc5+ 19. Kh1 h5 20. Qe1 Qa7 21. Rd5 Rh8 22. Rcd1 Ne5 23. Rb5 Nc6 24. h3 Nd4 25. Rd5 Ne6 26. Qd2 g5 27. Nb5 Qb6 28. Nd4 Nxd4 29. Rxg5+ Kf8 30. Qxd4 Qxd4 31. Rxd4 e5 32. Rxd6 1-0

[Event "Bielefeld Gr5"]
[Site "Bielefeld"]
[Date "2007.05.27"]
[Round "5"]
[White "Olyschlaeger, Richard"]
[Black "Krueger, Tim"]
[Result "1/2-1/2"]
[WhiteElo "1903"]
[BlackElo "1980"]
[PlyCount "61"]
[EventDate "2007.05.25"]
[EventType "tourn"]
[EventRounds "7"]
[EventCountry "GER"]
[SourceTitle "EXT 2008"]
[Source "ChessBase"]
[SourceDate "2007.11.25"]
[SourceVersion "1"]
[SourceVersionDate "2007.11.25"]
[SourceQuality "1"]

1. e4 c5 2. Nf3 Nc6 3. d4 cxd4 4. Nxd4 Nf6 5. Nc3 e5 6. Ndb5 d6 7. Nd5 Nxd5 8. exd5 Nb8 9. a4 a6 10. Na3 Be7 11. Be3 Nd7 12. Nc4 b6 13. Qd2 Rb8 14. f4 0-0 15. g4 exf4 16. Bxf4 Bh4+ 17. Kd1 Ne5 18. h3 Nxc4 19. Bxc4 Bb7 20. Qh2 Rc8 21. Bb3 Qf6 22. c3 Bg5 23. Bxg5 Qxg5 24. Qd2 Qf6 25. Kc2 Rfe8 26. Rae1 b5 27. axb5 axb5 28. Rxe8+ Rxe8 29. Re1 Rxe1 30. Qxe1 Qg6+ 31. Kc1 1/2-1/2

[Event "Dortmund Sparkassen op-A"]
[Site "Dortmund"]
[Date "2006.07.30"]
[Round "3"]
[White "Olyschlaeger, Richard"]
[Black "Kusnetsov, Mark"]
[Result "0-1"]
[WhiteElo "1861"]
[BlackElo "1803"]
[PlyCount "102"]
[EventDate "2006.07.28"]
[EventType "swiss"]
[EventRounds "9"]
[EventCountry "GER"]
[SourceTitle "CBM 113 Extra"]
[Source "ChessBase"]
[SourceDate "2006.09.14"]
[SourceVersion "1"]
[SourceVersionDate "2006.09.14"]
[SourceQuality "1"]

1. d4 d5 2. c4 c6 3. Nc3 Nf6 4. Nf3 Nbd7 5. Bf4 e6 6. e3 Be7 7. Bd3 a6 8. c5 0-0 9. Rb1 Re8 10. Qc2 b6 11. b4 a5 12. a3 axb4 13. axb4 bxc5 14. bxc5 Ba6 15. Bg3 Bxd3 16. Qxd3 Ra3 17. Nd2 Qa5 18. Rc1 Bf8 19. 0-0 e5 20. Qc2 exd4 21. exd4 Qb4 22. Ncb1 Ra7 23. Qc3 Qxc3 24. Nxc3 g6 25. Ra1 Rea8 26. Nb3 Ne4 27. Nxe4 dxe4 28. Rxa7 Rxa7 29. Ra1 Rxa1+ 30. Nxa1 Bg7 31. Nb3 f5 32. Bd6 Kf7 33. f4 exf3 34. gxf3 Ke6 35. Kf2 Kd5 36. Ke3 Nf6 37. Be5 Bh6+ 38. Kd3 Nh5 39. Na5 Bf4 40. Nc4 Bxe5 41. Nxe5 Nf4+ 42. Ke3 Ne6 43. Nd7 Nxd4 44. Nf6+ Kxc5 45. Nxh7 Ne6 46. f4 Kd6 47. h4 c5 48. Kf3 c4 49. Ke3 Kc5 50. Ng5 Nxg5 51. fxg5 Kd5 0-1

[Event "Bielefeld Gr3"]
[Site "Bielefeld"]
[Date "2006.06.03"]
[Round "2"]
[White "Olyschlaeger, Richard"]
[Black "Calder, Dennis"]
[Result "1/2-1/2"]
[WhiteElo "1844"]
[BlackElo "1866"]
[PlyCount "42"]
[EventDate "2006.06.02"]
[EventType "tourn"]
[EventRounds "7"]
[EventCountry "GER"]
[SourceTitle "EXT 2007"]
[Source "ChessBase"]
[SourceDate "2006.11.23"]
[SourceVersion "1"]
[SourceVersionDate "2006.11.23"]
[SourceQuality "1"]

1. d4 d5 2. c4 Nc6 3. cxd5 Qxd5 4. Nf3 e5 5. Nc3 Bb4 6. Bd2 Bxc3 7. Bxc3 exd4 8. Nxd4 Nf6 9. e3 0-0 10. Nb5 Qxd1+ 11. Rxd1 Ne8 12. Be2 a6 13. Nd4 Nxd4 14. Bxd4 b6 15. Bf3 Ra7 16. Bc6 Bb7 17. Rc1 Nd6 18. Be5 Bxc6 19. Bxd6 Rd8 20. Rxc6 Rxd6 21. Rxd6 cxd6 1/2-1/2

[Event "Bielefeld Gr3"]
[Site "Bielefeld"]
[Date "2006.06.03"]
[Round "3"]
[White "Wiese, Phil"]
[Black "Olyschlaeger, Richard"]
[Result "1/2-1/2"]
[WhiteElo "1849"]
[BlackElo "1844"]
[PlyCount "80"]
[EventDate "2006.06.02"]
[EventType "tourn"]
[EventRounds "7"]
[EventCountry "GER"]
[SourceTitle "EXT 2007"]
[Source "ChessBase"]
[SourceDate "2006.11.23"]
[SourceVersion "1"]
[SourceVersionDate "2006.11.23"]
[SourceQuality "1"]

1. d4 d5 2. c4 e6 3. Nc3 Nf6 4. Bg5 Be7 5. e3 h6 6. Bh4 0-0 7. Nf3 Ne4 8. Bxe7 Qxe7 9. Nxe4 dxe4 10. Nd2 e5 11. d5 f5 12. Be2 a5 13. 0-0 Nd7 14. f3 exf3 15. Nxf3 Qc5 16. Qc1 Ra6 17. Kh1 Raf6 18. Qc3 Re8 19. a3 a4 20. Rad1 Qd6 21. Ne1 Nc5 22. Bd3 f4 23. exf4 e4 24. Be2 Rxf4 25. Rxf4 Qxf4 26. Nc2 Bg4 27. Rf1 Qg5 28. Bxg4 Qxg4 29. Qe3 Nd3 30. h3 Qg5 31. Qxg5 hxg5 32. Rb1 Rf8 33. b4 axb3 34. Rxb3 b6 35. Kg1 Nc1 36. Re3 Re8 37. Nd4 Nd3 38. Ne6 Nc5 39. Nxc7 Re7 40. Nb5 Kf7 1/2-1/2

[Event "NRW-ch U14"]
[Site "Kranenburg"]
[Date "2005.03.31"]
[Round "5"]
[White "Scharnowski, Tobias"]
[Black "Olyschlaeger, Richard"]
[Result "1/2-1/2"]
[WhiteElo "2112"]
[BlackElo "1692"]
[PlyCount "43"]
[EventDate "2005.03.28"]
[EventType "swiss"]
[EventRounds "7"]
[EventCountry "GER"]
[SourceTitle "CBM 105 Extra"]
[Source "ChessBase"]
[SourceDate "2005.05.01"]
[SourceVersion "1"]
[SourceVersionDate "2005.05.01"]
[SourceQuality "1"]

1. Nf3 c5 2. b3 Nc6 3. e3 d5 4. Bb2 Bg4 5. Be2 e6 6. 0-0 Nf6 7. d4 Bxf3 8. Bxf3 cxd4 9. exd4 Qc7 10. Nd2 Bd6 11. g3 b5 12. c4 bxc4 13. bxc4 Rb8 14. Rb1 0-0 15. c5 Be7 16. Qe2 Qa5 17. a3 Rxb2 18. Rxb2 Nxd4 19. Qd3 Bxc5 20. Ra1 Nd7 21. Bd1 Ne5 22. Qb1 1/2-1/2

[Event "NRW-ch U14"]
[Site "Kranenburg"]
[Date "2005.03.29"]
[Round "2"]
[White "Olyschlaeger, Richard"]
[Black "Hinz, Arne"]
[Result "1/2-1/2"]
[WhiteElo "1692"]
[BlackElo "1408"]
[PlyCount "106"]
[EventDate "2005.03.28"]
[EventType "swiss"]
[EventRounds "7"]
[EventCountry "GER"]
[SourceTitle "CBM 105 Extra"]
[Source "ChessBase"]
[SourceDate "2005.05.01"]
[SourceVersion "1"]
[SourceVersionDate "2005.05.01"]
[SourceQuality "1"]

1. d4 Nf6 2. Bg5 d5 3. Bxf6 exf6 4. c4 c6 5. e3 Bb4+ 6. Nc3 Qa5 7. Qb3 0-0 8. cxd5 cxd5 9. Bd3 Nc6 10. Nge2 Be6 11. 0-0 Rfd8 12. Ng3 a6 13. Nce2 Qc7 14. Rac1 Rac8 15. Bb1 Bf8 16. a3 g6 17. h4 Qd7 18. h5 Na5 19. Qd3 Nc4 20. hxg6 fxg6 21. b4 a5 22. bxa5 Nxa5 23. e4 Nc4 24. f4 dxe4 25. Nxe4 Qf7 26. g4 Bxg4 27. Ba2 Be6 28. f5 gxf5 29. Nxf6+ Qxf6 30. Bxc4 Qg5+ 31. Kh1 Qh4+ 32. Kg2 Rxc4 33. Rxc4 Bd5+ 34. Kg1 Qg4+ 35. Kf2 Qh4+ 36. Kg1 Bd6 37. Rf3 Bxf3 38. Qxf3 Qg4+ 39. Kf2 Qxf3+ 40. Kxf3 Bxa3 41. Kf4 b5 42. Rc6 Rd5 43. Rb6 Kg7 44. Kg5 Be7+ 45. Kf4 Bd6+ 46. Ke3 b4 47. Kd3 Be7 48. Nf4 Rd7 49. d5 Bd6 50. Ne6+ Kf7 51. Kd4 h5 52. Nc5 Bxc5+ 53. Kxc5 Ke7 1/2-1/2

[Event "Werther Schloss op-B 11th"]
[Site "Werther"]
[Date "2005.03.18"]
[Round "1"]
[White "Radde, Horst"]
[Black "Olyschlaeger, Richard"]
[Result "1-0"]
[WhiteElo "1762"]
[BlackElo "1617"]
[PlyCount "90"]
[EventDate "2005.03.18"]
[EventType "swiss"]
[EventRounds "5"]
[EventCountry "GER"]
[SourceTitle "EXT 2006"]
[Source "ChessBase"]
[SourceDate "2005.11.24"]
[SourceVersion "1"]
[SourceVersionDate "2005.11.24"]
[SourceQuality "1"]

1. d4 c5 2. d5 e5 3. c4 d6 4. Nc3 Be7 5. e4 Nf6 6. f4 exf4 7. Bxf4 0-0 8. Nf3 Re8 9. Bd3 Bg4 10. 0-0 Bf8 11. h3 Bxf3 12. Qxf3 Nbd7 13. Bg5 Ne5 14. Qg3 Be7 15. Rad1 Nfd7 16. Bh6 g6 17. Rf4 Bf8 18. Bxf8 Rxf8 19. Nb5 Qe7 20. Qh4 g5 21. Qg3 a6 22. Na3 Ng6 23. Rf5 h6 24. Nc2 Nde5 25. Ne3 Nxd3 26. Rxd3 Qxe4 27. Ng4 Kg7 28. Rdf3 Nh4 29. Qxd6 Nxf3+ 30. Rxf3 Qd4+ 31. Kh2 f6 32. b3 h5 33. Nf2 Qe5+ 34. Qxe5 fxe5 35. Ne4 Rxf3 36. gxf3 Kg6 37. Nxc5 b6 38. Nd7 Kf5 39. Nxb6 Rh8 40. c5 g4 41. Kg2 gxf3+ 42. Kxf3 e4+ 43. Ke3 Rg8 44. c6 Rg3+ 45. Kf2 e3+ 1-0

[Event "OWL-ch U14"]
[Site "Hiddenhausen"]
[Date "2005.01.04"]
[Round "6"]
[White "Egberts, Niklas"]
[Black "Olyschlaeger, Richard"]
[Result "0-1"]
[WhiteElo "1188"]
[BlackElo "1602"]
[PlyCount "64"]
[EventDate "2005.01.02"]
[EventType "swiss"]
[EventRounds "7"]
[EventCountry "GER"]
[SourceTitle "EXT 2007"]
[Source "ChessBase"]
[SourceDate "2006.11.23"]
[SourceVersion "1"]
[SourceVersionDate "2006.11.23"]
[SourceQuality "1"]

1. e4 c5 2. Nf3 d6 3. d4 cxd4 4. Nxd4 Nf6 5. Nc3 a6 6. a4 b6 7. Bc4 e6 8. Bg5 Be7 9. Qd2 h6 10. Bh4 Nxe4 11. Nxe4 Bxh4 12. 0-0-0 d5 13. g3 Be7 14. Bxd5 Qxd5 15. Nc3 Qd7 16. Qe3 Qc7 17. Rd3 0-0 18. h4 Bb7 19. Rh3 Nc6 20. g4 Nxd4 21. Qxd4 Rad8 22. Qe3 Rxd3 23. Qxd3 Rd8 24. Qe2 Bf6 25. g5 Bxc3 26. bxc3 Qf4+ 27. Kb1 Rd2 28. Qh5 Qxf2 29. gxh6 Rxc2 30. hxg7 Rb2+ 31. Ka1 Ra2+ 32. Kb1 Qb2# 0-1

[Event "Dortmund op-B"]
[Site "Dortmund"]
[Date "2004.07.26"]
[Round "4"]
[White "Kissing, Bastian"]
[Black "Olyschlaeger, Richard"]
[Result "1-0"]
[WhiteElo "1624"]
[BlackElo "1433"]
[PlyCount "68"]
[EventDate "2004.07.??"]
[EventType "swiss"]
[EventRounds "9"]
[EventCountry "GER"]
[SourceTitle "EXT 2006"]
[Source "ChessBase"]
[SourceDate "2005.11.24"]
[SourceVersion "1"]
[SourceVersionDate "2005.11.24"]
[SourceQuality "1"]

1. e4 c5 2. Nf3 d6 3. d4 cxd4 4. Nxd4 Nf6 5. Nc3 a6 6. Be3 e6 7. Bc4 b5 8. Bd3 Bb7 9. f3 Be7 10. Qd2 Qc7 11. 0-0-0 Nbd7 12. g4 0-0 13. h4 b4 14. Nce2 d5 15. exd5 Bxd5 16. Kb1 Qa5 17. Nb3 Bxb3 18. cxb3 Nd5 19. Bd4 e5 20. Bf2 N7b6 21. Bg3 Nc7 22. Nd4 exd4 23. Bxc7 Rfc8 24. Bxb6 Qxb6 25. Bc4 Bc5 26. g5 Re8 27. Rhe1 a5 28. f4 Qc6 29. Qd3 Qc7 30. f5 Qb6 31. f6 g6 32. h5 Kf8 33. hxg6 fxg6 34. Rh1 Re3 1-0

[Event "Dortmund op-B"]
[Site "Dortmund"]
[Date "2004.07.24"]
[Round "2"]
[White "Der, Josef"]
[Black "Olyschlaeger, Richard"]
[Result "0-1"]
[WhiteElo "1695"]
[BlackElo "1433"]
[PlyCount "92"]
[EventDate "2004.07.??"]
[EventType "swiss"]
[EventRounds "9"]
[EventCountry "GER"]
[SourceTitle "EXT 2006"]
[Source "ChessBase"]
[SourceDate "2005.11.24"]
[SourceVersion "1"]
[SourceVersionDate "2005.11.24"]
[SourceQuality "1"]

1. d4 c5 2. d5 e5 3. c4 d6 4. e4 Be7 5. Nf3 Bg4 6. Be2 Bxf3 7. Bxf3 Bg5 8. 0-0 Bxc1 9. Qxc1 Nh6 10. Nc3 0-0 11. Qc2 a6 12. Rad1 Nd7 13. Rd3 f5 14. exf5 Nxf5 15. Be4 Nd4 16. Qb1 Nf6 17. Rh3 h6 18. Bg6 Qd7 19. Qd3 b5 20. b3 bxc4 21. bxc4 Rab8 22. Kh1 Rb2 23. Qg3 Qg4 24. Qd3 Qg5 25. Rg3 Qd2 26. h3 Qxd3 27. Rxd3 Rb4 28. Rb1 Rxb1+ 29. Nxb1 Rb8 30. Ra3 Rb6 31. Nd2 Kf8 32. Nb3 Ke7 33. Bd3 Kd7 34. f3 g5 35. Nxd4 exd4 36. Bc2 Rb2 37. Bf5+ Kc7 38. Rxa6 Nh5 39. Rc6+ Kb7 40. Bg4 Nf4 41. Rxd6 d3 42. Rd7+ Ka6 43. Rd6+ Ka5 44. Bc8 d2 45. Ra6+ Kb4 46. Rb6+ Kc3 0-1